Catálogo
 En Linea

Fragmentos : (Registro nro. 35023)

Detalles MARC
000 -CABECERA
campo de control de longitud fija 00462nam a2200157 a 4500
001 - NÚMERO DE CONTROL
campo de control 000035532
005 - FECHA Y HORA DE LA ÚLTIMA TRANSACCIÓN
campo de control 20200930074419.0
008 - DATOS DE LONGITUD FIJA--INFORMACIÓN GENERAL
campo de control de longitud fija 111103s1997 mx 000 0 spa d
020 ## - NÚMERO INTERNACIONAL ESTÁNDAR DEL LIBRO
Número Internacional Estándar del Libro 9681653068
040 ## - FUENTE DE LA CATALOGACIÓN
Centro catalogador/agencia de origen DO-SdBNP
Lengua de catalogación spa
Centro/agencia transcriptor BNPHU
082 ## - NÚMERO DE LA CLASIFICACIÓN DECIMAL DEWEY
Número de clasificación xxxx
Número de documento/Ítem xxxx
100 1# - ENTRADA PRINCIPAL--NOMBRE DE PERSONA
Nombre de persona Mutís Álvaro
9 (RLIN) 22796
245 14 - MENCIÓN DE TÍTULO
Título Fragmentos :
Resto del título los rostros del estratega /
Mención de responsabilidad, etc. Álvaro Mutís.
260 ## - PUBLICACIÓN, DISTRIBUCIÓN, ETC.
Lugar de publicación, distribución, etc. México, :
Nombre del editor, distribuidor, etc. Fondo de la cultura económica,
Fecha de publicación, distribución, etc. 1997.
300 ## - DESCRIPCIÓN FÍSICA
Extensión 75 p. ;
Dimensiones 14 cm.
Existencias
Estado de retiro Estado de pérdida Restricciones de uso No para préstamo Código de colección Localización permanente Ubicación/localización actual Ubicación en estantería Fecha de adquisición Número de inventario Total de préstamos Signatura topográfica completa Código de barras Fecha visto por última vez Precio válido a partir de Tipo de ítem Koha
      Excluido de préstamo Monografías: Libros y Folletos General General Depósito 03.11.2011 LF1   xxxx xxxx 35532-10 25.06.2020 25.06.2020 No se presta

Con tecnología Koha